Guide to Presentations (Record no. 350100)

000 -LEADER
fixed length control field 00493nam a22002057a 4500
003 - CONTROL NUMBER IDENTIFIER
control field OSt
005 - DATE AND TIME OF LATEST TRANSACTION
control field 20180116183007.0
008 - FIXED-LENGTH DATA ELEMENTS--GENERAL INFORMATION
fixed length control field 150810b xxu||||| |||| 00| 0 eng d
020 ## - INTERNATIONAL STANDARD BOOK NUMBER
International Standard Book Number 9788131756218
040 ## - CATALOGING SOURCE
Transcribing agency 0
082 ## - DEWEY DECIMAL CLASSIFICATION NUMBER
Classification number 658.452 MUN 2013
100 ## - MAIN ENTRY--PERSONAL NAME
Personal name Mary Munter
245 ## - TITLE STATEMENT
Title Guide to Presentations
Statement of responsibility, etc. Mary Munter
250 ## - EDITION STATEMENT
Edition statement 3rd
260 ## - PUBLICATION, DISTRIBUTION, ETC.
Place of publication, distribution, etc. India
Name of publisher, distributor, etc. Pearson
Date of publication, distribution, etc. 2013
300 ## - PHYSICAL DESCRIPTION
Extent 164p.
Other physical details PB
440 ## - SERIES STATEMENT/ADDED ENTRY--TITLE
Title Guide to Presentations
600 ## - SUBJECT ADDED ENTRY--PERSONAL NAME
Personal name Mary Munter
942 ## - ADDED ENTRY ELEMENTS (KOHA)
Source of classification or shelving scheme
Koha item type Book
Holdings
Withdrawn status Lost status Source of classification or shelving scheme Damaged status Not for loan Collection code Permanent Location Current Location Shelving location Date acquired Total Checkouts Full call number Barcode Date last seen Date last checked out Price effective from Koha item type
            Central Library (CL) Central Library (CL) General Stacks 08/10/2015 1 658.452 MUN 2013 NBS9340 03/02/2020 01/28/2020 08/10/2015 Book
© 2023 Central Library, National University of Sciences and Technology. All Rights Reserved.